<?xml version="1.0" encoding="UTF-8"?>
<marc:record xmlns:marc="http://www.loc.gov/MARC21/slim">
   <marc:leader>00000nam a2200000 a 4500</marc:leader>
   <marc:datafield ind1="1" ind2=" " tag="100">
      <marc:subfield code="a">Schreiner, Silke</marc:subfield>
      <marc:subfield code="4">aut</marc:subfield>
      <marc:subfield code="e">Verfasser/-in</marc:subfield>
   </marc:datafield>
   <marc:datafield ind1=" " ind2=" " tag="653">
      <marc:subfield code="a">Softcover / Ratgeber/Gesundheit/Ernährung</marc:subfield>
   </marc:datafield>
   <marc:datafield ind1="0" ind2="0" tag="245">
      <marc:subfield code="a">111 Rezepte – Reflux</marc:subfield>
   </marc:datafield>
   <marc:datafield ind1="0" ind2="0" tag="245">
      <marc:subfield code="b">Endlich Schluss mit Übelkeit, Brennen und Räusperzwang. Lebensmittel sicher auswählen</marc:subfield>
   </marc:datafield>
   <marc:datafield ind1="0" ind2="0" tag="245">
      <marc:subfield code="c">Sabine Schreiner</marc:subfield>
   </marc:datafield>
   <marc:datafield ind1=" " ind2="1" tag="264">
      <marc:subfield code="a">Hannover</marc:subfield>
      <marc:subfield code="b">humboldt</marc:subfield>
      <marc:subfield code="c">2025</marc:subfield>
   </marc:datafield>
   <marc:datafield ind1="1" ind2=" " tag="520">
      <marc:subfield code="a">• Der Ratgeber unterstützt dich dabei, akute Beschwerden zu lindern und langfristig vorzubeugen

• Schritt-für-Schritt-Anleitungen, Lebensmitteltabellen und unkomplizierte Rezepte helfen dir, deinen Alltag refluxfreundlich zu gestalten

Die besten Tipps und Rezepte von der Reflux-Expertin: Beschwerden verstehen und lindern

Wer regelmäßig von Sodbrennen geplagt wird, leidet womöglich an Reflux, dem Rückfluss von Magensäure in die Speiseröhre. Doch wie geht es nach der Diagnose weiter? Welche Lebensmittel sind verträglich? Welche Essgewohnheiten spielen eine entscheidende Rolle? Ernährungsexpertin Sabine Schreiner, die sich schon lange auf Reflux und Sodbrennen spezialisiert und vielen Betroffenen geholfen hat, gibt dir alle wichtigen Informationen zum Thema Reflux an die Hand. Ihr Ratgeber ist ein Leitfaden mit einfachen Regeln und Rezepten, die dir schnell helfen. Saures Aufstoßen, Brennen, Übelkeit, Völlegefühl, Husten oder Heiserkeit gehören so bald der Vergangenheit an und du kannst dich endlich wieder wohlfühlen.
</marc:subfield>
   </marc:datafield>
   <marc:datafield ind1=" " ind2=" " tag="020">
      <marc:subfield code="a">9783842632110</marc:subfield>
      <marc:subfield code="9">9783842632110</marc:subfield>
   </marc:datafield>
   <marc:datafield ind1=" " ind2=" " tag="020">
      <marc:subfield code="a">3842632118</marc:subfield>
      <marc:subfield code="9">3842632118</marc:subfield>
   </marc:datafield>
   <marc:datafield ind1=" " ind2=" " tag="041">
      <marc:subfield code="a">ger</marc:subfield>
   </marc:datafield>
   <marc:datafield ind1=" " ind2=" " tag="338">
      <marc:subfield code="a">Band</marc:subfield>
   </marc:datafield>
   <marc:datafield ind1=" " ind2=" " tag="300">
      <marc:subfield code="a">192 Seiten</marc:subfield>
   </marc:datafield>
</marc:record>
